UTTRANCHAL TRAVEL GUIDE (Record no. 12889)

MARC details
000 -LEADER
fixed length control field 00304nam a22001337a 4500
003 - CONTROL NUMBER IDENTIFIER
control field SGT
082 ## - DEWEY DECIMAL CLASSIFICATION NUMBER
Classification number 647.01
Item number UTT
100 ## - MAIN ENTRY--PERSONAL NAME
Personal name UTTRANCHAL TRAVEL GUIDE
245 ## - TITLE STATEMENT
Title UTTRANCHAL TRAVEL GUIDE
260 ## - PUBLICATION, DISTRIBUTION, ETC. (IMPRINT)
Place of publication, distribution, etc UTTRANCHAL
Name of publisher, distributor, etc UTTRANCHAL TOURISM
300 ## - PAGE DESCRIPTION
No. of Pages 296
650 ## - SUBJECT ADDED ENTRY--TOPICAL TERM
Topical term or geographic name as entry element HOTEL MANAGEMENT
942 ## - ADDED ENTRY ELEMENTS (KOHA)
Source of classification or shelving scheme Dewey Decimal Classification
Koha item type Books
Holdings
Withdrawn status Lost status Source of classification or shelving scheme Damaged status Not for loan Collection code Home library Current library Shelving location Date acquired Vendor Name SGTU Bill Number Total Checkouts Full call number Accession No. (Barcode) Date last seen Date last borrowed Bill Date Koha item type
    Dewey Decimal Classification     HOTEL MANAGEMENT SGT Science & Social Sciences Library SGT Science & Social Sciences Library Text Book 08/08/2017 JINDAL BOOK SERVICE SGTU 1775 2 647.01 UTT HM713 29/05/2026 29/05/2026 07/09/2015 Books